Thulaseevanam/ (Record no. 47138)

000 -LEADER
fixed length control field 00403nam a22001451a 4500
082 ## - DEWEY DECIMAL CLASSIFICATION NUMBER
Classification number M2
Item number VAS/T
100 ## - MAIN ENTRY--PERSONAL NAME
Personal name Vasudevan Pillai Vayala
9 (RLIN) 69452
245 ## - TITLE STATEMENT
Title Thulaseevanam/
Statement of responsibility, etc. by Vasudevan Pillai Vayala
260 ## - PUBLICATION, DISTRIBUTION, ETC.
Place of publication, distribution, etc. Kottayam:
Name of publisher, distributor, etc. Vayala Vasudevan Pillai,
Date of publication, distribution, etc. 1979.
300 ## - PHYSICAL DESCRIPTION
Extent 83p.
650 ## - SUBJECT ADDED ENTRY--TOPICAL TERM
Topical term or geographic name entry element Drama Malayalam
9 (RLIN) 69453
650 ## - SUBJECT ADDED ENTRY--TOPICAL TERM
Topical term or geographic name entry element Literature Malayalam
9 (RLIN) 69454
650 ## - SUBJECT ADDED ENTRY--TOPICAL TERM
Topical term or geographic name entry element Literature
9 (RLIN) 69455
942 ## - ADDED ENTRY ELEMENTS (KOHA)
Koha item type Book
Holdings
Withdrawn status Lost status Damaged status Not for loan Permanent Location Current Location Date acquired Cost, normal purchase price Total Checkouts Full call number Barcode Date last seen Date last checked out Cost, replacement price Price effective from Koha item type
        Sree Sankaracharya University of Sanskrit Sree Sankaracharya University of Sanskrit 08.01.2015 5.00 1 M2 VAS/T 002845 12.01.2017 30.12.2016 0.00 08.01.2015 Book